| 000 | 01107cam a22002658a 4500 | ||
|---|---|---|---|
| 005 | 20100317123607.0 | ||
| 008 | 100317s2010 ii b 001 0 eng | ||
| 010 | _aENG-96203 | ||
| 020 |
_a9788132101215 _c295.00 |
||
| 035 | _aEN-79736 | ||
| 037 | _bDBAD/PUB | ||
| 040 |
_aDPL _bEng |
||
| 082 | _a327.7305491 | ||
| 100 |
_aGould, Harold A. _q(Harold Alton), _d1926- |
||
| 245 |
_aThe South Asia story : _bthe first sixty years of U.S. relations with India and Pakistan / _cby Harold A. Gould |
||
| 260 |
_aNew Delhi _bSage Publications _c2010 |
||
| 300 |
_a136p. : _c22 cm (pbk) _bb&w photos |
||
| 500 | _aIncludes bibliographical references and index | ||
| 651 |
_aUnited States _xForeign relations _zIndia. |
||
| 651 |
_aIndia _xForeign relations _zUnited States. |
||
| 651 |
_aUnited States _xForeign relations _zPakistan. |
||
| 651 |
_aPakistan _xForeign relations _zUnited States. |
||
| 942 |
_2ddc _cEN _h327.7305491 _mGOU |
||
| 999 |
_c36392 _d36392 |
||